000 00399nam a2200157Ia 4500
008 230524s9999 xx 000 0 und d
082 _a531
_bJOG
100 _aC.S.Jogi
245 0 _aFoundations and Applications of Mechanics and Continuum Mechanics
250 _a1ST
260 _aNEW DELHI
_bNarosa
_c2002
300 _a254
500 _aQuantity Number: 2
650 _aPhysics
942 _cBK
999 _c12872
_d12872